Notas sobre la crisis económica y financiera de Costa Rica

Guardado en:
Bibliografiske detaljer
Hovedforfatter: Sol Castellanos, Jorge
Format: Texto
Udgivet: San José: s.e.
Tags: Tilføj Tag
Ingen Tags, Vær først til at tagge denne postø!

MARC

LEADER 00000 a a2200000 04500
001 22249
003
040
090 |a 151100  
100 |a Sol Castellanos, Jorge  
245 |a Notas sobre la crisis económica y financiera de Costa Rica  
260 |a San José:   |b s.e.  
300 |a 25 p.  
999 |c 14571  |d 14571